Nomi dei calciatori - Quiz n°15 - Statistics

Statistiche generali
  • Questo quiz è stato fatto 111 volte
  • Il punteggio medio è 8 su 10
Statistiche sulle risposte
Hint Risposta % Corretto
Pellè Graziano
90%
Hart Joe
87%
Robertson Andrew
83%
Konaté Ibrahima
81%
Castrovilli Gaetano
77%
Mæhle Joakim
76%
Tonelli Lorenzo
73%
Peluso Federico
70%
Lllorente Marco
69%
Molinaro Cristian
62%
Nessun quiz corrispondente trovato
Distribuzione punteggi
Percentuale di utenti per punteggio
Percentile per numero di risposta
I tuoi punteggi nel tempo
Non hai fatto questo quiz